Návrh opatrení na zdokonalenie procesu vzdelávania nevýrobných zamestnancov v spoločnosti ŽOS Trnava, a.s

Gespeichert in:
Bibliographische Detailangaben
1. Verfasser: Šulková, Sandra (Verfasst von)
Weitere Verfasser: Púčiková, Lenka (Betreuung Doktorarbeit)
Format: Manuskript Buch
Sprache:Slowakisch
Veröffentlicht: 2015
Schlagworte:
Online-Zugang:http://is.stuba.sk/zp/portal_zp.pl?podrobnosti=102578
Tags: Tag hinzufügen
Keine Tags, Fügen Sie das erste Tag hinzu!

MARC

LEADER 00000ntm a22000003a 4500
001 stuzp50154
003 SK-STU
005 20160719153455.1
007 ta
008 150427s2015----xo-----f-mn---000-0-slo-d
040 |a STU  |b slo 
041 0 |a slo 
100 1 |a Šulková, Sandra  |u 064000  |4 aut  |U MTF Materiálovotechnologická fakulta  |T MTF Ústav priemyselného inžinierstva a manažmentu  |X 69970  |U M4000  |Y 84  |7 69970 
242 0 1 |a Proposes measures to improve the process of education of non-production workers ŽOS Trnava, a. s.  |y eng 
245 1 0 |a Návrh opatrení na zdokonalenie procesu vzdelávania nevýrobných zamestnancov v spoločnosti ŽOS Trnava, a.s 
260 |c 2015 
650 4 |a Personálny manažment  |2 slo 
650 4 |a Systém vzdelávania  |2 slo 
650 4 |a Vzdelávanie zamestnancov  |2 slo 
650 4 |a Cyklus vzdelávania  |2 slo 
650 4 |a Zamestnanci  |2 slo 
650 4 |a Staff  |2 eng 
650 4 |a Staff training  |2 eng 
650 4 |a Education systems  |2 eng 
650 4 |a Personnel management  |2 eng 
650 4 |a Cycle training  |2 eng 
700 1 |a Púčiková, Lenka  |4 ths  |X 48256  |7 A000048256 
856 4 |u http://is.stuba.sk/zp/portal_zp.pl?podrobnosti=102578 
996 |c M* BP-7377  |l MMSKP  |s P  |a 0  |w stuzp50154_0001 
SQL |a stuzp50154  |b DBP  |c SLO  |d Návrh opatrení na zdokonalenie procesu vzdelávania nevýrobných zamestnancov v spoločnosti ŽOS Trnava, a.s  |e 69970  |f Šulková, Sandra  |g 064000  |h 48256  |i Púčiková, Lenka  |j 20150623  |k 173  |l 06  |m http://is.stuba.sk/zp/portal_zp.pl?podrobnosti=102578  |n B-PPP  |o 5.2.52. priemyselné inžinierstvo